| 000 | 004650000a22001810004500 | ||
|---|---|---|---|
| 003 | MACL | ||
| 005 | 20151231150212.0 | ||
| 008 | 151231b xxu||||| |||| 00| 0 eng d | ||
| 040 |
_aMACL _cMACL |
||
| 041 | _aEnglish | ||
| 082 | _a394.26/BUC | ||
| 100 |
_aBuck, Major C H _925797 |
||
| 245 | _aFaiths Fairs & Festivals of India | ||
| 260 |
_bAsian Publication Services _c1977 _aIndia |
||
| 350 | _a60 | ||
| 650 |
_aSociology _925798 |
||
| 942 |
_cBK _k394.26/BUC _2ddc |
||
| 999 |
_c37238 _d37238 |
||